000 00360nam a2200133Ia 4500
008 151021s9999 xx 000 0 und d
020 _a006109921x
050 _aPs 3569 .I28U9 1997
245 _a_Up Islands Anne Rivers Siddons
260 _aNew York Harper Paperbacks 1997
300 _a499p.
650 _a_novel
980 _a^d20130208 11:24:14^oanne
999 _c12848
_d12848